000 00663nam a2200181Ia 4500
008 090124s9999 xx 000 0 und d
082 _b104913
100 _aभावे शिवराम गोविंद
245 _a जकात्यांच्या भाऊचे लग्न
250 _a1
260 _c1954
300 _a104
600 _aभावे शिवराम गोविंद
630 _a जकात्यांच्या भाऊचे लग्न
700 _aभावे शिवराम गोविंद
730 _a जकात्यांच्या भाऊचे लग्न
942 _cBOOK
999 _c151005
_d151005